| 000 | 00591cam a22002172 4500 | ||
|---|---|---|---|
| 001 | 0000004208 | ||
| 005 | 20151217145758.0 | ||
| 008 | 070521s xx 000 0 eng d | ||
| 020 |
_a0072302976 : _cKES 500 |
||
| 040 |
_aKABU _cKABU |
||
| 050 | 0 |
_aQA76.76 _b.O63A53 2000 |
|
| 100 | 1 |
_aAndersen, Paul K. _@0000154650 |
|
| 245 | 1 | 0 | _aJust enough UNIX. |
| 250 | _a3rd ed. | ||
| 260 |
_aBoston : _bMcGraw-Hill, _c2000. |
||
| 300 | _axiii, 442 p. | ||
| 650 | 0 |
_aUNIX (Computer file) _@0000154651 |
|
| 908 | _a070521 | ||
| 950 | _@1 | ||
| 999 |
_c2533 _d2533 |
||